000 01014nam a22003015 4500
003 data
005 20260322212004.0
008 data
010 _a2010014595
020 _a9781930066502
020 _a1930066503
040 _aDLC
_cDLC
_dCUV
_dCDX
_dVGM
_dORZ
_dYDXCP
_dCUV
043 _an-usu--
050 0 0 _aF210
_b.Z87 2010
082 0 0 _a975
_222
092 _a975 Z87 2010
100 1 _aZurick, David.
245 1 0 _aSouthern crossings :
_bwhere geography and photography meet /
_cDavid Zurick.
250 _a1st ed.
260 _a[Athens, Ga.] :
_bDistributed by the University of Georgia Press,
_a[Athens, Ga.] :
_bDistributed by the University of Georgia Press,
_c2010.
300 _axiv, 143 p. :
_bill. ;
_c24 x 25 cm.
440 0 _aCenter books on the American South ;
_v15th v.
504 _aIncludes bibliographical references.
650 0 _aLandscapes
_zSouthern States
_vPictorial works.
650 0 _aLandscape photography
_zSouthern States.
651 0 _aSouthern States
_vPictorial works.
001 data
999 _c52
_d52